[Event "34th Chess Olympiad (men)"]
[Site "Istanbul"]
[Date "2000.11.07"]
[Round "10.14.3"]
[White "Gunnarsson, Jon Viktor"]
[Black "Degraeve, Jean-Marc"]
[WhiteElo "2368"]
[BlackElo "2540"]
[WhiteCountry "ISL"]
[BlackCountry "FRA"]
[Result "1/2-1/2"]

1. e4 b6 2. d4 Bb7 3. Nc3 e6 4. Nf3 Bb4 5. Bd3 Nf6 6. Qe2 d5 7. e5 Ne4 
8. O-O Bxc3 9. bxc3 Nxc3 10. Qe3 Nc6 11. Ng5 Qd7 12. f3 h6 13. Nh3 Ne7 
14. Nf4 h5 15. Ba3 Qa4 16. Bxe7 Kxe7 17. g4 hxg4 18. fxg4 Raf8 19. Nh5 Kd7 
20. Rf4 g6 21. Raf1 gxh5 22. Rxf7+ Rxf7 23. Rxf7+ Kc8 24. g5 Bc6 25. g6 Be8 
26. g7 Rg8 27. Re7 Qb4 28. Qg5 Kb7 29. Qf6 Ne4 30. Qxe6 Qe1+ 31. Kg2 Qf2+ 
32. Kh1 Qf3+ 33. Kg1 Qe3+ 34. Kg2 Qg5+ 35. Kf1 Qc1+ 36. Kg2 Qd2+ 37. Kg1 Qe3+ 
38. Kg2 Qf2+ 39. Kh1 Qf3+ 40. Kg1 Bc6 41. Qxg8 Qg4+ 42. Kf1 Qh3+ 43. Kg1 Qe3+ 
44. Kg2 Qg5+ 45. Kf1 Qf4+ 
1/2-1/2

[Event "34th Chess Olympiad (men)"]
[Site "Istanbul"]
[Date "2000.11.07"]
[Round "10.14.4"]
[White "Hauchard, Arnaud"]
[Black "Vidarsson, Jon G"]
[WhiteElo "2539"]
[BlackElo "2369"]
[WhiteCountry "FRA"]
[BlackCountry "ISL"]
[Result "1-0"]

1. Nf3 Nf6 2. c4 e6 3. g3 Be7 4. Bg2 O-O 5. O-O d5 6. b3 a5 7. Nc3 d4 
8. Nb5 Bc5 9. e3 Nc6 10. exd4 Nxd4 11. Nfxd4 Bxd4 12. Nxd4 Qxd4 13. Rb1 Rd8 
14. Qe2 Qd3 15. Qxd3 Rxd3 16. Re1 a4 17. b4 Rd4 18. Bf1 b6 19. Bb2 Rd8 
20. Be5 Ne8 21. Bg2 Rb8 22. Bc6 Bd7 23. Bf3 Bc8 24. Bc3 Bb7 25. Bd1 b5 
26. cxb5 Bd5 27. a3 Ra8 28. Be2 Rdb8 29. Rbc1 Nd6 30. Be5 Nxb5 31. Bxc7 Rb7 
32. Bxb5 Rxb5 33. Bf4 Rb7 34. Rc5 Rd8 35. Rec1 f6 36. Bc7 Rd7 37. Kf1 Be4 
38. Ke2 Bd3+ 39. Ke3 Bb5 40. R1c3 Kf7 41. f4 g6 42. g4 Ke7 43. g5 fxg5 
44. fxg5 Rd5 45. Rxd5 exd5 46. Kd4 Kd7 47. Bg3 Bc4 48. d3 Ba6 49. Rc5 Ke8 
50. Rxd5 Rd7 51. Bd6 Kf7 52. Kc5 Rd8 53. b5 Bb7 54. Re5 Rd7 55. d4 
1-0

[Event "34th Chess Olympiad (men)"]
[Site "Istanbul"]
[Date "2000.11.07"]
[Round "10.15.2"]
[White "Galego, Luis"]
[Black "Spraggett, Kevin"]
[WhiteElo "2419"]
[BlackElo "2501"]
[WhiteCountry "POR"]
[BlackCountry "CAN"]
[Result "1/2-1/2"]

1. e4 c5 2. Nf3 e6 3. Nc3 a6 4. d4 cxd4 5. Nxd4 Qc7 6. Bd3 Nc6 7. Nxc6 dxc6 
8. O-O e5 9. a4 a5 10. Qe2 Nf6 
1/2-1/2

[Event "34th Chess Olympiad (men)"]
[Site "Istanbul"]
[Date "2000.11.07"]
[Round "10.15.3"]
[White "Zugic, Igor"]
[Black "Frois, Antonio"]
[WhiteElo "2399"]
[BlackElo "2346"]
[WhiteCountry "CAN"]
[BlackCountry "POR"]
[Result "1/2-1/2"]

1. d4 d5 2. c4 e6 3. Nc3 c5 4. e3 Nf6 5. Nf3 Nc6 6. a3 a6 7. dxc5 Bxc5 
8. b4 Ba7 9. Bb2 O-O 10. cxd5 exd5 11. Be2 Be6 12. O-O b5 13. a4 d4 
14. exd4 Nxd4 15. Nxd4 Qxd4 16. axb5 axb5 17. Qb1 Qh4 18. Nxb5 Bb6 19. g3 Qxb4 
20. Bxf6 Qxb1 
1/2-1/2

[Event "34th Chess Olympiad (men)"]
[Site "Istanbul"]
[Date "2000.11.07"]
[Round "10.15.4"]
[White "Dias, Paulo"]
[Black "Cummings, David H"]
[WhiteElo "2302"]
[BlackElo "2371"]
[WhiteCountry "POR"]
[BlackCountry "CAN"]
[Result "0-1"]

1. e4 c5 2. Nf3 e6 3. d3 Nc6 4. g3 Nge7 5. Bg2 g6 6. O-O Bg7 7. c3 d5 8. Qe2 b6 
9. e5 Qc7 10. Re1 Ba6 11. Bf4 h6 12. h4 O-O-O 13. a4 g5 14. hxg5 Ng6 
15. b4 Nxf4 16. gxf4 Ne7 17. a5 b5 18. bxc5 hxg5 19. fxg5 Qxc5 20. Na3 Ng6 
21. Qe3 Qxe3 22. Rxe3 Kd7 23. Rb1 Rb8 24. d4 Nf4 25. Bf1 Bf8 26. Nxb5 Be7 
27. c4 dxc4 28. Bxc4 Nh3+ 29. Kf1 Nxg5 30. Rbb3 Rbc8 31. Bd3 Bb7 32. Nd2 Rc1+ 
33. Ke2 Rhh1 34. Bb1 Bd5 35. Rbc3 Rxb1 36. Nxb1 Rxb1 37. Rc7+ Ke8 38. Nxa7 Bd8 
39. Rc8 Rb2+ 40. Kd3 Kd7 41. Rc5 Ra2 42. Nb5 Bxa5 43. Nc3 Bxc3 44. Rxc3 Nf3 
45. Re2 Ra4 46. Ke3 Nxd4 47. Rb2 Nf3 48. Ke2 Nxe5 49. Rg3 f5 50. Rc3 f4 
51. Rcc2 f3+ 52. Kd1 Ra1+ 
0-1

[Event "34th Chess Olympiad (men)"]
[Site "Istanbul"]
[Date "2000.11.07"]
[Round "10.16.3"]
[White "Peng, Xiaomin"]
[Black "Dydyshko, Viacheslav"]
[WhiteElo "2657"]
[BlackElo "2525"]
[WhiteCountry "CHN"]
[BlackCountry "BLR"]
[Result "1-0"]

1. e4 c5 2. Nf3 d6 3. d4 cxd4 4. Nxd4 Nf6 5. Nc3 a6 6. Be3 Nc6 7. Be2 e6 
8. O-O Be7 9. f4 Qc7 10. Qe1 O-O 11. Qg3 Bd7 12. Kh1 b5 13. e5 dxe5 
14. fxe5 Ne8 15. Ne4 f5 16. exf6 Qxg3 17. fxe7 Rxf1+ 18. Rxf1 
1-0

[Event "34th Chess Olympiad (men)"]
[Site "Istanbul"]
[Date "2000.11.07"]
[Round "10.17.2"]
[White "Vera, Reynaldo"]
[Black "Hector, Jonny"]
[WhiteElo "2584"]
[BlackElo "2509"]
[WhiteCountry "CUB"]
[BlackCountry "SWE"]
[Result "0-1"]

1. d4 d5 2. c4 c6 3. Nc3 Nf6 4. cxd5 cxd5 5. Bf4 Nc6 6. e3 Bf5 7. Bb5 e6 
8. Qa4 Qb6 9. Nf3 Be7 10. Ne5 O-O 11. Bxc6 Rfc8 12. Bb5 a6 13. O-O axb5 
14. Qxb5 Qxb5 15. Nxb5 Rc2 16. Rfb1 Ne4 17. f3 Nd2 18. Rd1 Rxb2 19. Nc3 Bb4 
20. Rac1 f6 21. e4 Bxc3 22. Rxc3 fxe5 23. Bxd2 exd4 24. Rc7 dxe4 25. Bf4 Raxa2 
26. g4 Bg6 27. Rxd4 Rb1+ 28. Bc1 h6 29. Rd8+ Kh7 30. Rcc8 Bf7 31. fxe4 e5 
32. Rc7 Raa1 33. Rd1 Be8 34. Kf2 Bc6 35. g5 hxg5 
0-1

[Event "34th Chess Olympiad (men)"]
[Site "Istanbul"]
[Date "2000.11.07"]
[Round "10.17.3"]
[White "Akesson, Ralf"]
[Black "Arencibia, Walter"]
[WhiteElo "2486"]
[BlackElo "2513"]
[WhiteCountry "SWE"]
[BlackCountry "CUB"]
[Result "1/2-1/2"]

1. c4 g6 2. e4 Bg7 3. d4 d6 4. Nc3 Nf6 5. Be2 O-O 6. Nf3 e5 7. Be3 Nbd7 
8. O-O Ng4 9. Bg5 f6 10. Bc1 Kh8 11. Qc2 c6 12. Rd1 Qe7 13. Rb1 f5 14. Bg5 Bf6 
15. Bxf6+ Ndxf6 16. dxe5 dxe5 17. h3 fxe4 18. Nxe4 Nxe4 19. hxg4 Rf4 
20. Bd3 Nc5 21. Qc3 Bxg4 22. Nxe5 Kg8 23. Re1 Qg5 24. g3 Bf5 25. Bxf5 Rxf5 
26. Qe3 Qxe3 27. Rxe3 a5 28. Rd1 Re8 29. f4 Kg7 30. Rde1 
1/2-1/2

[Event "34th Chess Olympiad (men)"]
[Site "Istanbul"]
[Date "2000.11.07"]
[Round "10.18.1"]
[White "Rowson, Jonathan"]
[Black "Adianto, Utut"]
[WhiteElo "2494"]
[BlackElo "2583"]
[WhiteCountry "SCO"]
[BlackCountry "INA"]
[Result "1/2-1/2"]

1. e4 c6 2. d4 d5 3. e5 Bf5 4. c3 e6 5. Be3 Nd7 6. f4 Nh6 7. Nf3 Be7 
8. Nbd2 O-O 9. Be2 f6 10. Qb3 Ng4 11. Bg1 fxe5 12. fxe5 b5 13. h3 Bh4+ 
14. Kf1 Nh6 15. a4 bxa4 16. Qxa4 c5 17. g4 Bg6 18. Kg2 Bg5 19. dxc5 Bxd2 
20. Nxd2 Nxe5 21. Be3 Be8 22. Qd4 Nc6 23. Qd3 a5 24. Rhf1 Rxf1 25. Rxf1 Rb8 
26. b3 Nf7 27. Bf4 e5 28. Bg3 Qe7 29. Qe3 Bd7 30. Kh2 
1/2-1/2

[Event "34th Chess Olympiad (men)"]
[Site "Istanbul"]
[Date "2000.11.07"]
[Round "10.18.3"]
[White "Shaw, John"]
[Black "Juswanto, Denny"]
[WhiteElo "2435"]
[BlackElo "2483"]
[WhiteCountry "SCO"]
[BlackCountry "INA"]
[Result "1/2-1/2"]

1. e4 c5 2. Nf3 e6 3. c3 Nf6 4. e5 Nd5 5. d4 cxd4 6. Bc4 Nb6 7. Bb3 Nc6 
8. cxd4 d6 9. exd6 Bxd6 10. O-O O-O 11. Nc3 Nd5 12. Re1 h6 13. Nxd5 exd5 
14. Ne5 Be6 15. Bf4 Bxe5 16. Bxe5 Qd7 17. Rc1 Nxe5 18. Rxe5 Rac8 19. Rxc8 Rxc8 
20. h3 Qc6 21. Kh2 Qd6 22. g3 Qb4 23. Qe2 Rd8 24. Qd3 Qb6 25. Qe3 a5 
26. Qd2 Kf8 27. Kg2 Qb5 28. Qe2 Qxe2 29. Rxe2 Ke7 30. Rc2 Kd6 31. h4 g5 
32. hxg5 hxg5 33. Kf3 b6 34. Ba4 Rc8 35. Rxc8 Bxc8 36. a3 f6 37. Ke3 Bf5 
1/2-1/2

[Event "34th Chess Olympiad (men)"]
[Site "Istanbul"]
[Date "2000.11.07"]
[Round "10.19.1"]
[White "Rogers, Ian"]
[Black "Efimov, Igor"]
[WhiteElo "2558"]
[BlackElo "2520"]
[WhiteCountry "AUS"]
[BlackCountry "ITA"]
[Result "1-0"]

1. d4 e6 2. e4 d5 3. Nc3 a6 4. Nf3 Nf6 5. e5 Nfd7 6. Bd3 c5 7. dxc5 Nc6 
8. Bf4 Be7 9. h4 Nxc5 10. h5 b5 11. Rh3 Qb6 12. Rg3 b4 13. Ne2 g6 14. Qd2 b3 
15. axb3 Nb4 16. Nfd4 Nbxd3+ 17. cxd3 Nxb3 18. Nxb3 Qxb3 19. d4 Qb4 20. Rc3 Bd7 
21. Bg5 gxh5 22. Bxe7 Qxe7 23. Nf4 Qg5 24. Rg3 Qf5 25. Rh3 Qe4+ 26. Kf1 Bb5+ 
27. Kg1 Rg8 28. f3 Qf5 29. Rxh5 Rg5 30. Nxe6 Rxg2+ 31. Qxg2 Qxe6 32. Rxh7 O-O-O 
33. Qg4 Qxg4+ 34. fxg4 Rg8 35. Rxf7 Rxg4+ 36. Kf2 Be8 37. Rf8 Kd7 38. Rxa6 Ke7 
1-0

[Event "34th Chess Olympiad (men)"]
[Site "Istanbul"]
[Date "2000.11.07"]
[Round "10.19.2"]
[White "Godena, Michele"]
[Black "Johansen, Darryl K"]
[WhiteElo "2485"]
[BlackElo "2505"]
[WhiteCountry "ITA"]
[BlackCountry "AUS"]
[Result "1/2-1/2"]

1. e4 c5 2. Nf3 e6 3. c3 d5 4. exd5 Qxd5 5. d4 Nf6 6. Na3 Qd8 7. Nc2 a6 
8. Bd3 cxd4 9. Ncxd4 Bd6 10. Bg5 Nbd7 11. Qe2 Qe7 12. Rd1 O-O 13. O-O Re8 
14. Bc2 h6 15. Bh4 Qf8 16. Rfe1 Bc7 17. a3 Qc5 
1/2-1/2

[Event "34th Chess Olympiad (men)"]
[Site "Istanbul"]
[Date "2000.11.07"]
[Round "10.20.1"]
[White "Magai, Vladimir"]
[Black "Mitkov, Nikola"]
[WhiteElo "2546"]
[BlackElo "2532"]
[WhiteCountry "KGZ"]
[BlackCountry "FRM"]
[Result "1/2-1/2"]

1. d4 Nf6 2. c4 e6 3. Nf3 d5 4. Nc3 Bb4 5. Bg5 h6 6. Bxf6 Qxf6 7. e3 O-O 
8. Rc1 dxc4 9. Bxc4 c5 10. O-O cxd4 11. exd4 Nc6 12. Ne4 Qf4 13. Qe2 Rd8 
14. g3 Qg4 15. Rfd1 Bd7 16. a3 Bf8 17. Qe3 Be8 18. b4 Qh5 19. Be2 Qf5 
20. Nh4 Qh7 21. Nc5 g5 22. Nf3 Rab8 23. Bc4 Qg7 24. d5 exd5 25. Bxd5 Ne7 
26. Bxb7 Nf5 27. Rxd8 Rxd8 28. Qe5 Nd4 29. Qxg7+ Bxg7 30. Nxd4 Rxd4 31. Ne4 Kf8 
32. Rc8 Ke7 33. Rc7+ Kd8 34. Rc8+ Ke7 35. Kg2 Rd3 36. Rc7+ Kd8 37. Rc8+ Ke7 
38. Bc6 Bxc6 39. Rxc6 Rxa3 40. Rc7+ Ke6 41. Nc5+ Kf6 42. g4 Kg6 43. Rc6+ Kh7 
44. Rc7 
1/2-1/2

[Event "34th Chess Olympiad (men)"]
[Site "Istanbul"]
[Date "2000.11.07"]
[Round "10.20.2"]
[White "Nedev, Trajce"]
[Black "Yurtaev, Leonid"]
[WhiteElo "2487"]
[BlackElo "2552"]
[WhiteCountry "FRM"]
[BlackCountry "KGZ"]
[Result "0-1"]

1. e4 e5 2. Nf3 Nc6 3. d4 exd4 4. Nxd4 Bc5 5. Be3 Qf6 6. c3 Nge7 7. Bc4 Ne5 
8. Be2 h5 9. Nc2 d6 10. Nba3 Bd7 11. Qd2 O-O-O 12. f4 Ng4 13. Bd4 Qe6 
14. O-O-O Nc6 15. h3 Nf6 16. e5 Bxa3 17. exf6 Qxa2 18. Nxa3 Na5 19. Qc2 Nb3+ 
20. Qxb3 Qxb3 21. fxg7 Rhg8 22. Bc4 Qa4 23. f5 Bxf5 24. Bxf7 Rxg7 25. Bxg7 Qf4+ 
26. Rd2 Rd7 27. Bxh5 Rxg7 28. Bf3 Re7 29. Kd1 Qa4+ 30. Kc1 Re3 31. Rf1 Kd8 
32. Bd5 Bd3 33. Rh1 Qf4 34. Kd1 c6 35. Bb3 Rxh3 36. Re1 Re3 37. Rh1 d5 
38. Nc2 Bxc2+ 39. Bxc2 Kc7 40. Rd4 Qg3 41. Rd2 a5 42. Kc1 b5 43. Rh3 Re1+ 
44. Bd1 Qg5 45. Rf3 Kb6 46. Rff2 a4 47. Kc2 Qg6+ 48. Kc1 Qd6 49. Rd3 a3 
50. b4 d4 51. Rxd4 Qe6 52. Rc2 Qb3 53. Rdd2 Re3 
0-1

[Event "34th Chess Olympiad (men)"]
[Site "Istanbul"]
[Date "2000.11.07"]
[Round "10.20.3"]
[White "Inarkiev, Ernesto"]
[Black "Mitkov, Marjan"]
[WhiteElo "2432"]
[BlackElo "2402"]
[WhiteCountry "KGZ"]
[BlackCountry "FRM"]
[Result "1-0"]

1. d4 Nf6 2. c4 e6 3. Nc3 Bb4 4. Qc2 O-O 5. a3 Bxc3+ 6. Qxc3 b6 7. Bg5 Ba6 
8. e3 d6 9. Bd3 Nbd7 10. Ne2 c5 11. Qc2 h6 12. Bh4 Rc8 13. Qa4 Bb7 14. O-O Qc7 
15. Nc3 a6 16. Rac1 Bc6 17. Qd1 cxd4 18. exd4 Qa7 19. Qe2 Rfe8 20. Rfe1 Ra8 
21. Bb1 d5 22. cxd5 Bxd5 23. Nxd5 Nxd5 24. Rc6 Qb7 25. Qc2 N7f6 26. Rc1 Rad8 
27. h3 a5 28. Ba2 Rd7 29. Qd3 Ne7 30. R6c4 Nfd5 31. Bg3 Ng6 32. Qf3 Red8 
33. Bb1 Nge7 34. Be5 f6 35. Bg3 f5 36. Qe2 f4 37. Qxe6+ Kh8 38. Qe4 Nf6 
39. Qxf4 Ned5 40. Qf3 b5 41. Rc6 Rf8 42. Be5 Ne7 43. Rxf6 gxf6 44. Bxf6+ 
1-0

[Event "34th Chess Olympiad (men)"]
[Site "Istanbul"]
[Date "2000.11.07"]
[Round "10.20.4"]
[White "Kizov, Atanas"]
[Black "Sidorenko, Alexei"]
[WhiteElo "2306"]
[BlackElo "2286"]
[WhiteCountry "FRM"]
[BlackCountry "KGZ"]
[Result "1/2-1/2"]

1. d4 Nf6 2. Nf3 e6 3. c4 b6 4. Nc3 Bb4 5. Qb3 c5 6. a3 Ba5 7. Bg5 h6 
8. Bd2 O-O 9. O-O-O Nc6 10. e3 cxd4 11. exd4 Bxc3 
1/2-1/2

[Event "34th Chess Olympiad (men)"]
[Site "Istanbul"]
[Date "2000.11.07"]
[Round "10.21.1"]
[White "Beliavsky, Alexander G"]
[Black "Hussein, N.A."]
[WhiteElo "2654"]
[BlackElo "2368"]
[WhiteCountry "SLO"]
[BlackCountry "IRQ"]
[Result "1-0"]

1. d4 d5 2. c4 Nc6 3. Nf3 Bg4 4. cxd5 Bxf3 5. gxf3 Qxd5 6. e3 e5 7. Nc3 Bb4 
8. Bd2 Bxc3 9. bxc3 exd4 10. cxd4 Nf6 11. Rb1 O-O 12. Bg2 Qxa2 13. O-O Rad8 
14. Qc1 b6 15. Qxc6 Qxd2 16. Qxc7 Rd7 17. Qc6 Rfd8 18. Rfc1 h6 19. Qc4 Qa5 
20. f4 Re7 21. Qc6 Qh5 22. Rb5 Qe2 23. Re5 Red7 24. Bf3 Qa2 25. Qc3 Nd5 
26. Rxd5 Rxd5 27. Ra1 Ra5 28. Rxa2 Rxa2 29. Qc7 Rf8 30. Bc6 Rc2 31. d5 b5 
32. Qxa7 b4 33. Qb6 
1-0

[Event "34th Chess Olympiad (men)"]
[Site "Istanbul"]
[Date "2000.11.07"]
[Round "10.21.2"]
[White "Araz, Mohammad"]
[Black "Pavasovic, Dusko"]
[WhiteElo "2286"]
[BlackElo "2523"]
[WhiteCountry "IRQ"]
[BlackCountry "SLO"]
[Result "1-0"]

1. d4 d5 2. c4 e6 3. Nc3 c6 4. e4 dxe4 5. Nxe4 Bb4+ 6. Bd2 Qxd4 7. Bxb4 Qxe4+ 
8. Ne2 Nd7 9. Qd6 a5 10. Bc3 Ngf6 11. b3 c5 12. O-O-O Ra6 13. Qd2 a4 14. f3 Qc6 
15. b4 cxb4 16. Bxb4 Qxc4+ 17. Kb2 Rb6 18. Rc1 Qxb4+ 19. Qxb4 Rxb4+ 20. Ka3 Nb6 
21. Kxb4 O-O 22. Nc3 Bd7 23. Bb5 Nbd5+ 24. Nxd5 Nxd5+ 25. Kc4 Ne3+ 26. Kc5 b6+ 
27. Kxb6 Rb8+ 28. Kc7 Rxb5 29. Kxd7 g6 30. Rc3 Nxg2 31. Kc6 Rb4 32. Kc5 Rb2 
33. Ra3 Rf2 34. Rxa4 Rxf3 35. Ra8+ Kg7 36. a4 e5 37. a5 e4 38. Ra1 Nf4 
39. Kd4 Ne6+ 40. Kxe4 Rc3 41. a6 Nc5+ 42. Kd4 Rc2 43. a7 
1-0

[Event "34th Chess Olympiad (men)"]
[Site "Istanbul"]
[Date "2000.11.07"]
[Round "10.21.3"]
[White "Mohr, Georg"]
[Black "Aziz, Ahmad"]
[WhiteElo "2492"]
[BlackElo "2323"]
[WhiteCountry "SLO"]
[BlackCountry "IRQ"]
[Result "1-0"]

1. e4 c5 2. Nf3 d6 3. d4 cxd4 4. Nxd4 Nf6 5. Nc3 Nc6 6. g3 Bg4 7. f3 Bd7 
8. Be3 a6 9. g4 h6 10. Qd2 e6 11. O-O-O b5 12. Bd3 Nxd4 13. Bxd4 Qa5 
14. Qf2 Rb8 15. Ba7 Rb7 16. Kb1 b4 17. Ne2 e5 18. Nc1 Be6 19. h4 Qc7 20. Be3 a5 
21. g5 Nd7 22. f4 exf4 23. Bxf4 a4 24. Ne2 Ne5 25. Nd4 Bc4 26. Bxe5 dxe5 
27. Bxc4 Qxc4 28. Nf5 b3 29. cxb3 axb3 30. Qd2 bxa2+ 31. Ka1 Qc7 32. Rc1 Qb8 
33. Qc3 g6 34. Qc6+ Rd7 35. Rhd1 Qd8 36. Rxd7 Qxd7 37. Qa8+ 
1-0

[Event "34th Chess Olympiad (men)"]
[Site "Istanbul"]
[Date "2000.11.07"]
[Round "10.21.4"]
[White "Maftool, Abdul Hadi"]
[Black "Grosar, Aljosa"]
[WhiteElo "2266"]
[BlackElo "2447"]
[WhiteCountry "IRQ"]
[BlackCountry "SLO"]
[Result "0-1"]

1. e4 Nf6 2. e5 Nd5 3. d4 d6 4. Nf3 dxe5 5. Nxe5 g6 6. Bc4 c6 7. Nc3 Be6 
8. Qe2 Bg7 9. Ne4 Nd7 10. Nxd7 Qxd7 11. Nc5 Qd6 12. Nxe6 fxe6 13. c3 e5 
14. dxe5 Bxe5 15. Bd2 O-O 16. O-O-O b5 17. Bb3 Kh8 18. g3 a5 19. Bh6 Rfd8 
20. Rhe1 Bf6 21. h4 a4 22. Bxd5 cxd5 23. Bg5 b4 24. Bxf6+ exf6 25. cxb4 Qxb4 
26. Qe7 Rd6 27. Rd3 Rb8 28. Re2 Rc6+ 29. Kb1 Qc4 30. Qe3 Re6 31. Qd2 Reb6 
32. Qc3 a3 33. b3 Qg4 34. Qe1 Qf5 35. Re8+ Rxe8 36. Qxe8+ Kg7 37. Qe7+ Kh6 
38. Qe3+ Kg7 39. g4 Qe4 40. Qxe4 dxe4 41. Rd7+ Kh6 42. Ra7 f5 43. gxf5 gxf5 
44. Kc2 Kh5 45. Rxh7+ Kg4 46. Rf7 f4 47. Kc3 Rh6 48. Kd4 Kf3 49. Re7 Rd6+ 
50. Kc3 Rc6+ 51. Kd4 Rc2 52. Rxe4 Rxa2 53. Ke5 Re2 54. Kd4 
0-1

[Event "34th Chess Olympiad (men)"]
[Site "Istanbul"]
[Date "2000.11.07"]
[Round "10.22.1"]
[White "Elsness, Frode"]
[Black "El Taher, Fouad"]
[WhiteElo "2383"]
[BlackElo "2485"]
[WhiteCountry "NOR"]
[BlackCountry "EGY"]
[Result "0-1"]

1. d4 c5 2. d5 d6 3. c4 g6 4. e4 Bg7 5. Bd3 e6 6. Nc3 a6 7. a4 Ne7 8. Nge2 O-O 
9. O-O Nd7 10. f4 exd5 11. exd5 Nf6 12. f5 Bxf5 13. Bg5 Qd7 14. h3 Bxd3 
15. Qxd3 Ne8 16. Rae1 h6 17. Bf4 Kh7 18. Ng3 Ng8 19. Re2 Rd8 20. Kh1 Ngf6 
21. Rfe1 Qc7 22. Re7 Rd7 23. R7e2 Rd8 24. Re7 Rd7 25. R7e2 Qd8 26. b3 b6 
27. Qf3 Rb7 28. Nge4 Nxe4 29. Nxe4 Rd7 30. g4 f5 31. gxf5 Rxf5 32. Ng3 Rf8 
33. Re6 Qh4 34. Rxe8 Rxf4 35. Qg2 Rdf7 36. R1e4 Be5 37. Re6 Qg5 38. Rxf4 Qxf4 
39. Ne2 Qf5 40. Ng1 h5 41. Qe2 Kh6 42. Qd2+ Kg7 43. Qg2 Qd3 44. Ne2 Qb1+ 
45. Ng1 Kh7 46. Qd2 Qe4+ 
0-1

[Event "34th Chess Olympiad (men)"]
[Site "Istanbul"]
[Date "2000.11.07"]
[Round "10.22.2"]
[White "Hassan, Sayed Barakat"]
[Black "Lie, Kjetil A"]
[WhiteElo "2365"]
[BlackElo "2284"]
[WhiteCountry "EGY"]
[BlackCountry "NOR"]
[Result "0-1"]

1. e4 d5 2. exd5 Nf6 3. Bb5+ Bd7 4. Be2 Nxd5 5. d4 Bf5 6. Nf3 e6 7. O-O Be7 
8. c4 Nb4 9. Na3 O-O 10. Bf4 N8c6 11. Qd2 Bf6 12. Rfd1 Qe7 13. Qe3 Rfd8 
14. h3 Bg6 15. Rd2 Nxd4 16. Rxd4 Rxd4 17. Nxd4 e5 18. Ndb5 exf4 19. Qxe7 Bxe7 
20. Nxc7 Rd8 21. Bf3 Bf6 22. Re1 Nd3 23. Re2 Bxb2 24. Nab5 a6 25. Nd6 Be5 
26. Nxb7 Rc8 27. Nxa6 Rxc4 28. Nac5 Rc1+ 29. Kh2 f6 30. Nxd3 Bxd3 31. Rd2 Bc4 
32. Rd8+ Kf7 33. Rc8 Ke7 34. Na5 Rc2 35. Nxc4 Bd4 36. h4 Bxf2 37. Be4 Rc1 
38. Bxh7 Bg3+ 39. Kh3 Rh1+ 40. Kg4 Rxh4+ 41. Kf5 Rh5+ 42. Ke4 Rxh7 43. a4 Rh2 
44. Rc7+ Ke6 45. Rxg7 Rxg2 46. a5 Ra2 47. Rb7 f5+ 48. Kd3 f3 49. Rb6+ Kd7 
50. Rb1 Kc6 51. Rb6+ Kc5 52. Rb1 Bf4 53. Rh1 Ra4 54. Nb2 Ra3+ 55. Kc2 Be5 
56. Nd3+ Kd4 57. Rd1 Rc3+ 
0-1

[Event "34th Chess Olympiad (men)"]
[Site "Istanbul"]
[Date "2000.11.07"]
[Round "10.22.3"]
[White "Trygstad, Kristian"]
[Black "El Arousy Abdul, Hameed"]
[WhiteElo "2248"]
[BlackElo "2363"]
[WhiteCountry "NOR"]
[BlackCountry "EGY"]
[Result "1/2-1/2"]

1. e4 e6 2. d4 d5 3. e5 c5 4. c3 Nc6 5. Be3 Qb6 6. Qd2 cxd4 7. cxd4 Nge7 
8. Nf3 Nf5 9. Bd3 Bd7 10. O-O Be7 11. Nc3 Nxe3 12. fxe3 f6 13. exf6 gxf6 
14. Kh1 O-O-O 15. Rac1 Kb8 16. a3 Na5 17. Qf2 Nb3 18. Rcd1 a6 19. e4 dxe4 
20. Bxe4 Bc6 21. Qc2 Be8 22. Rfe1 Bh5 23. d5 Bxf3 24. Bxf3 Nd4 25. Qf2 e5 
26. Ne2 Bd6 27. Nxd4 Bc5 28. Nc6+ Qxc6 29. dxc6 Bxf2 30. Rc1 bxc6 31. Rf1 Rd2 
32. Rxc6 f5 33. Rf6 e4 34. Bh5 Bd4 35. R6xf5 Rg8 36. g3 Kc7 
1/2-1/2

[Event "34th Chess Olympiad (men)"]
[Site "Istanbul"]
[Date "2000.11.07"]
[Round "10.22.4"]
[White "Abou, El Zein Eid Mahmoud"]
[Black "Gabrielsen, Stig"]
[WhiteElo "2352"]
[BlackElo "2305"]
[WhiteCountry "EGY"]
[BlackCountry "NOR"]
[Result "1-0"]

1. Nf3 Nf6 2. c4 g6 3. g3 Bg7 4. Bg2 O-O 5. Nc3 d6 6. O-O Nbd7 7. Rb1 e5 
8. d3 Nh5 9. b4 h6 10. Qb3 Kh7 11. Bb2 f5 12. Qc2 Rf7 13. c5 dxc5 14. bxc5 c6 
15. Na4 Re7 16. e4 Nf8 17. Rfd1 Qe8 18. Bc3 f4 19. Nb2 g5 20. Nc4 Ng6 
21. Nd6 Qf8 22. d4 g4 23. Nxe5 Nxe5 24. dxe5 Bxe5 25. Bxe5 Rxe5 26. Nxb7 f3 
27. Bf1 Ng7 28. Qc3 Qe7 29. Nd6 h5 30. Rd2 h4 31. Rbd1 hxg3 32. fxg3 a5 
33. a4 Rh5 34. Qe3 Qe5 35. Rc1 Be6 36. Nb7 Ra7 37. Nd8 Rc7 38. Qf4 Rg5 
39. Rd6 Bb3 40. Nxc6 Qxf4 41. gxf4 Rh5 42. Nxa5 Bxa4 43. e5 Kg8 44. c6 Nf5 
45. Rd8+ Kf7 46. Rb8 Ke7 47. Rb7 Kd8 48. Rb8+ Ke7 49. Rb4 f2+ 50. Kxf2 Rxh2+ 
51. Bg2 Nh4 52. Kg3 Rxg2+ 53. Kxh4 Ke6 54. Rb7 Rc8 55. Rg7 Bc2 56. Kg5 Rf8 
57. c7 Rf5+ 58. Kh4 Rf8 59. Nc6 Kf5 60. Ne7+ Kxf4 61. Rf1+ 
1-0

[Event "34th Chess Olympiad (men)"]
[Site "Istanbul"]
[Date "2000.11.07"]
[Round "10.23.1"]
[White "Matamoros, Franco Carlos S"]
[Black "Ganbold, Odondoo"]
[WhiteElo "2467"]
[BlackElo "2405"]
[WhiteCountry "ECU"]
[BlackCountry "MGL"]
[Result "1-0"]

1. c4 e5 2. g3 Nc6 3. Bg2 Nf6 4. Nc3 d6 5. Nf3 Be7 6. d4 O-O 7. O-O h6 
8. h3 Re8 9. e4 a5 10. Be3 Bf8 11. b3 Bd7 12. Rb1 Qc8 13. Kh2 Nh7 14. d5 Nb8 
15. a3 Qd8 16. b4 axb4 17. axb4 Na6 18. Ne1 f5 19. exf5 Bxf5 20. Be4 Bxe4 
21. Nxe4 Nf6 22. Qf3 Nxe4 23. Qxe4 Nb8 24. Nf3 Nd7 25. Ra1 Qf6 26. Nd2 Qf7 
27. Qc2 b5 28. Ne4 Nb6 29. Bxb6 Rxa1 30. Rxa1 cxb6 31. Qd3 bxc4 32. Qxc4 Qf5 
33. b5 Rc8 34. Qd3 Be7 35. Ra7 Qf8 36. Qe2 Kh8 37. Kg2 Qd8 38. h4 Rc7 
39. Ra6 Rc1 40. Ra7 Rc7 41. Qa2 Kh7 42. h5 Qd7 43. Qc2 Rxc2 44. Rxd7 Bf8 
45. Nf6+ Kh8 46. Rd8 gxf6 47. Rxf8+ Kg7 48. Rd8 f5 49. Rxd6 e4 50. Kf1 Rc5 
51. Rxb6 Rxd5 52. Ke2 Kf7 53. Rb8 f4 54. gxf4 Rxh5 55. b6 Rb5 56. b7 Kg7 57. f5 
1-0

[Event "34th Chess Olympiad (men)"]
[Site "Istanbul"]
[Date "2000.11.07"]
[Round "10.23.2"]
[White "Erhembayar, Duurenbayar"]
[Black "Bastidas, Rodriguez Emilio Jos"]
[WhiteElo "2301"]
[BlackElo "2334"]
[WhiteCountry "MGL"]
[BlackCountry "ECU"]
[Result "1-0"]

1. d4 Nf6 2. c4 e6 3. Nf3 Bb4+ 4. Bd2 c5 5. Bxb4 cxb4 6. Nbd2 O-O 7. e4 d6 
8. Bd3 e5 9. O-O Nc6 10. d5 Ne7 11. c5 Ng6 12. cxd6 Qxd6 13. Nc4 Qe7 
14. Re1 Nd7 15. Qd2 Nc5 16. Bf1 Bg4 17. Qg5 Bxf3 18. Qxe7 Nxe7 19. gxf3 Ng6 
20. Rac1 b6 21. Re3 f5 22. Bh3 f4 23. Re2 h5 24. Kf1 Rad8 25. Rd2 Rfe8 
26. Ke2 Kf7 27. Rdd1 Nf8 28. Na5 Rd6 29. Nb3 Na4 30. Rd2 Re7 31. Rc8 Nd7 
32. Kd3 Ndc5+ 33. Kc4 Rg6 34. d6 
1-0

[Event "34th Chess Olympiad (men)"]
[Site "Istanbul"]
[Date "2000.11.07"]
[Round "10.23.3"]
[White "Mera, Cedeno Angel"]
[Black "Byambaa, Zulzaga"]
[WhiteElo "2376"]
[BlackElo "2273"]
[WhiteCountry "ECU"]
[BlackCountry "MGL"]
[Result "1-0"]

1. c4 Nf6 2. Nf3 g6 3. g3 Bg7 4. Bg2 O-O 5. O-O d5 6. cxd5 Nxd5 7. Nc3 c5 
8. Qa4 Nb4 9. a3 Bd7 10. Qb3 Be6 11. Qd1 N4c6 12. Ng5 Bc8 13. Rb1 h6 
14. Nge4 Na6 15. d3 Bd7 16. Be3 b6 17. f4 Rc8 18. Bf2 Nc7 19. e3 Ne8 20. g4 Be6 
21. Ng3 Na5 22. Qe2 Bb3 23. h4 Qd7 24. f5 Rd8 25. fxg6 fxg6 26. Be4 Bf7 
27. h5 Be6 28. Bxg6 Bxg4 29. Qc2 Bh3 30. Rfe1 Rf3 31. Qa4 Qxa4 32. Nxa4 Nd6 
33. Nc3 Be6 34. Nce2 Ba2 35. Ra1 Bf7 36. Kg2 Rf6 37. Nf4 Rf8 38. Ne4 Nxe4 
39. Bxe4 e5 40. Nd5 Rxf2+ 41. Kxf2 Bxd5+ 42. Ke2 Bf7 43. Rh1 c4 44. Raf1 Rd8 
45. Rd1 Nb3 46. dxc4 Bxc4+ 47. Kf2 Rf8+ 48. Kg2 Kh8 49. Bd5 Na5 50. Be4 Bb5 
51. Rhe1 Nb3 52. Bg6 e4 53. Bxe4 Nc5 54. Bf3 Nd3 55. Rg1 Be5 56. Rd2 Nxb2 
57. Rd5 Bc6 58. Rxe5 Bxf3+ 59. Kh2 Ba8 60. Re7 Rf2+ 61. Kh3 Bd5 62. Rg6 Rf7 
63. Rxh6+ Kg7 64. Rg6+ Kh7 65. Re5 Bf3 66. Kh4 Nc4 67. Re8 Nxa3 68. Rgg8 Bxh5 
69. Kxh5 Nb5 70. Rh8+ Kg7 71. Kg5 Rc7 72. Rhg8+ Kf7 73. Rgf8+ Kg7 74. Rb8 Rc1 
75. Rfd8 Rc7 76. e4 Nc3 77. Kf5 Rf7+ 78. Ke6 Rc7 79. Rg8+ Kh6 80. e5 Ne4 
81. Kf5 Nc3 82. Rh8+ Kg7 83. Rbg8+ Kf7 84. e6+ Ke7 85. Rg7+ Kd6 86. Rxc7 Kxc7 
87. e7 
1-0